Normal view
MARC view
- LANDSCAPE GARDENING, GARDENS DESIGN, LANDSCAPE ARCHITECTURE.FRONT GARDEN
Entry Topical Term
001 - CONTROL NUMBER
- control field: 65303
003 - CONTROL NUMBER IDENTIFIER
- control field: NUST
005 - DATE AND TIME OF LATEST TRANSACTION
- control field: 20210628203421.0
008 - FIXED-LENGTH DATA ELEMENTS
- fixed length control field: 210628|| aca||aabn | a|a d
040 ## - CATALOGING SOURCE
- Original cataloging agency: NUST
- Transcribing agency: NUST
150 ## - HEADING--TOPICAL TERM
- Topical term or geographic name entry element: LANDSCAPE GARDENING, GARDENS DESIGN, LANDSCAPE ARCHITECTURE.FRONT GARDEN
670 ## - SOURCE DATA FOUND
- Source citation: Work cat.: (NUST): Smith, Mary Riley 65302, The front garden, new approaches to landscape design, 1991
